000 00543nam a2200193 a 4500
005 20210223125738.0
008 991125s1999 mx 000 0 spa u
020 _a847884208X
035 _aUPN01000141049
049 _aCG
050 4 _aPN6069 W6.5
_bR4.4
245 0 0 _aRelatos de mujeres 3 /
_cFernán Caballero ... [et al.].
260 _aMadrid :
_bPopular,
_c1999.
300 _a93 p.
440 0 _aLetra grande ;
_v54
650 4 _aANTOLOGIAS LITERARIAS
_94762
700 1 _aCaballero, Fernán,
_d1796-1877,
_ecoaut.
905 _aLibro
999 _c113197
_d113197